[Event "Pilsen Open 2014"]
[Site "Pilsen CZE"]
[Date "2014.11.24"]
[Round "2"]
[White "Simacek, Vaclav"]
[Black "Voith, Walter"]
[Result "1-0"]
[WhiteElo "1797"]
[BlackElo "1650"]
[PlyCount "79"]
[EventDate "2014.11.23"]
[EventType "swiss"]
[EventRounds "7"]
[Source "lmi"]
[SourceDate "2014.11.23"]

1. e4 d5 2. exd5 Qxd5 3. Nc3 Qa5 4. d4 Nf6 5. Nf3 c6 6. Bc4 Bf5 7. O-O e6 8.
Bd2 Nbd7 9. Re1 Be7 10. a3 Qc7 11. Ne2 O-O 12. Ng3 Bg6 13. Nh4 Rfd8 14. Nxg6
hxg6 15. Qe2 Nd5 16. c3 N7f6 17. Rad1 Bd6 18. Bb3 b5 19. Bg5 Re8 20. Qf3 Nh7
21. Bc1 Nhf6 22. c4 bxc4 23. Bxc4 a5 24. h3 a4 25. Ne4 Nxe4 26. Rxe4 Be7 27. g4
g5 28. h4 gxh4 29. g5 g6 30. Rxh4 Kg7 31. Bxd5 cxd5 32. Bf4 Qd8 33. Be5+ f6 34.
gxf6+ Bxf6 35. Rh7+ Kxh7 36. Bxf6 Re7 37. Kg2 g5 38. Qh5+ Kg8 39. Qg6+ Kf8 40.
Rh1 1-0

[Event "Pilsen Open 2014"]
[Site "Pilsen CZE"]
[Date "2014.11.24"]
[Round "2"]
[White "Steinkellner, Rudolf"]
[Black "Hlozek, David"]
[Result "0-1"]
[WhiteElo "1767"]
[BlackElo "1594"]
[PlyCount "100"]
[EventDate "2014.11.23"]
[EventType "swiss"]
[EventRounds "7"]
[Source "lmi"]
[SourceDate "2014.11.23"]

1. e4 c5 2. Nc3 d6 3. g3 e6 4. Bg2 Nf6 5. d3 Be7 6. f4 Qc7 7. Nf3 Nc6 8. O-O a6
9. h3 Rb8 10. Be3 b5 11. Qd2 Bb7 12. Rae1 Qa5 13. a3 b4 14. axb4 Qxb4 15. b3
Qb6 16. Qf2 Qc7 17. Qd2 h6 18. Ra1 O-O 19. Kh2 Nb4 20. e5 Nfd5 21. exd6 Bxd6
22. Nxd5 Nxd5 23. Bf2 Nxf4 24. Ra4 Nxg2 25. Kxg2 Bxf3+ 26. Kxf3 Qc6+ 27. Ke2
Rb4 28. Rfa1 Ra8 29. Qc3 Rxa4 30. Rxa4 Qd5 31. Rg4 e5 32. Qd2 Qe6 33. Qc3 Qe7
34. Rc4 Rc8 35. Ra4 Qb7 36. Rc4 Qg2 37. b4 Qxh3 38. bxc5 Bc7 39. c6 Qg2 40. Ke1
Qd5 41. Ra4 a5 42. Rc4 Rb8 43. Re4 f5 44. Qc4 Qxc4 45. Rxc4 Rb5 46. Ke2 Kf7 47.
d4 g6 48. d5 Rxd5 49. Bb6 Bxb6 50. c7 Bxc7 0-1

[Event "Pilsen Open 2014"]
[Site "Pilsen CZE"]
[Date "2014.11.24"]
[Round "2"]
[White "Zoubek, Vladimir"]
[Black "Pribylova, Sofie"]
[Result "0-1"]
[WhiteElo "1640"]
[BlackElo "1763"]
[PlyCount "72"]
[EventDate "2014.11.23"]
[EventType "swiss"]
[EventRounds "7"]
[Source "lmi"]
[SourceDate "2014.11.23"]

1. d4 Nf6 2. Nf3 g6 3. Bf4 Bg7 4. h3 O-O 5. Nbd2 d6 6. e3 Nbd7 7. c3 Qe8 8. Bd3
e5 9. Bg5 e4 10. Bxf6 Nxf6 11. Be2 exf3 12. Nxf3 Be6 13. c4 d5 14. c5 b6 15. b4
bxc5 16. dxc5 Ne4 17. Nd4 Nc3 18. Qc2 Nxe2 19. Qxe2 Bxd4 20. exd4 Bd7 21. Kd2
Qxe2+ 22. Kxe2 Rab8 23. Rab1 Rfe8+ 24. Kd2 Re4 25. Kc3 Re2 26. Rhe1 Rxf2 27.
Re7 Re8 28. Rbe1 Kf8 29. Rxe8+ Bxe8 30. a3 Rxg2 31. Re3 Ba4 32. b5 Bxb5 33. Kb4
Rb2+ 34. Ka5 a6 35. h4 Rd2 36. a4 Ra2 0-1

[Event "Pilsen Open 2014"]
[Site "Pilsen CZE"]
[Date "2014.11.24"]
[Round "2"]
[White "Stankova, Zuzana"]
[Black "Von Keyserlingk, Chanda"]
[Result "0-1"]
[WhiteElo "1562"]
[BlackElo "1759"]
[PlyCount "94"]
[EventDate "2014.11.23"]
[EventType "swiss"]
[EventRounds "7"]
[Source "lmi"]
[SourceDate "2014.11.23"]

1. e4 c5 2. d4 cxd4 3. c3 d6 4. cxd4 g6 5. Nf3 Bg7 6. Be3 Nf6 7. Nc3 O-O 8. h3
b6 9. Rc1 Bb7 10. Bd3 Nc6 11. a3 Rc8 12. O-O Na5 13. Qe2 Nd7 14. b4 Nc6 15. Rc2
e5 16. Nb5 Ndb8 17. Rfc1 a6 18. d5 axb5 19. dxc6 Bxc6 20. Bxb5 Bb7 21. Rxc8
Bxc8 22. Qc2 Bb7 23. Qc7 Qxc7 24. Rxc7 Bxe4 25. Bxb6 Bd5 26. a4 Bf6 27. Rc1 Be6
28. Bc7 Rc8 29. Kh2 Bd8 30. Bxb8 Rxc1 31. Bxd6 f6 32. Bc5 Bc7 33. g3 Bd5 34.
Ng1 f5 35. a5 f4 36. h4 Bxa5 37. gxf4 exf4 38. Bd6 Bc7 39. Bxc7 Rxc7 40. Ba6
Rc1 41. b5 Rb1 42. f3 Kf8 43. Ne2 Rb2 44. b6 Bxf3 45. b7 Bxe2 46. b8=Q+ Rxb8
47. Bxe2 Rb2 0-1

[Event "Pilsen Open 2014"]
[Site "Pilsen CZE"]
[Date "2014.11.24"]
[Round "2"]
[White "Berka, Lubos"]
[Black "Malkova, Adriana"]
[Result "1-0"]
[WhiteElo "1751"]
[BlackElo "1546"]
[PlyCount "61"]
[EventDate "2014.11.23"]
[EventType "swiss"]
[EventRounds "7"]
[Source "lmi"]
[SourceDate "2014.11.23"]

1. e4 c5 2. Nc3 Nc6 3. g3 g6 4. Bg2 Bg7 5. d3 d6 6. Nge2 e6 7. O-O Nge7 8. Bd2
O-O 9. Qc1 b6 10. Bh6 Bb7 11. Bxg7 Kxg7 12. b3 Qd7 13. Qb2 e5 14. f4 f6 15. Rf2
Rf7 16. Raf1 Rh8 17. Nd5 Nxd5 18. exd5 Nd4 19. c3 Nf5 20. Qd2 h5 21. fxe5 dxe5
22. c4 Bc8 23. Nc3 h4 24. g4 Nd4 25. h3 g5 26. Ne4 Rhf8 27. Nxf6 Rxf6 28. Qxg5+
Rg6 29. Qxe5+ Kh7 30. Rxf8 Qd6 31. Qh8# 1-0

[Event "Pilsen Open 2014"]
[Site "Pilsen CZE"]
[Date "2014.11.24"]
[Round "2"]
[White "Friedel, Roland"]
[Black "Nechutny, Michal"]
[Result "1/2-1/2"]
[WhiteElo "1713"]
[BlackElo "1478"]
[PlyCount "67"]
[EventDate "2014.11.23"]
[EventType "swiss"]
[EventRounds "7"]
[Source "lmi"]
[SourceDate "2014.11.23"]

1. d4 d5 2. Nf3 Nf6 3. Bg5 Nbd7 4. Nbd2 b6 5. e3 Bb7 6. Bd3 e6 7. e4 h6 8. Bxf6
Nxf6 9. e5 Nd7 10. O-O Be7 11. Re1 O-O 12. c3 c5 13. Nf1 Qc8 14. Bc2 c4 15. Bb1
Re8 16. Qc2 Nf8 17. Ng3 g6 18. Qd2 Kg7 19. h3 Qd8 20. Nh2 h5 21. Qe2 Bg5 22.
Rf1 Bf4 23. Nh1 Bxh2+ 24. Kxh2 Qg5 25. f4 Qh6 26. Qf3 Nd7 27. Bc2 b5 28. Rf2 f5
29. Kg1 a6 30. Kf1 Rg8 31. Ke2 Kf7 32. Rg1 Rg7 33. g3 Rag8 34. h4 1/2-1/2

[Event "Pilsen Open 2014"]
[Site "Pilsen CZE"]
[Date "2014.11.24"]
[Round "2"]
[White "Pribyl, Viktor"]
[Black "Pospisil, Petr"]
[Result "1/2-1/2"]
[WhiteElo "1491"]
[BlackElo "1713"]
[PlyCount "167"]
[EventDate "2014.11.23"]
[EventType "swiss"]
[EventRounds "7"]
[Source "lmi"]
[SourceDate "2014.11.23"]

1. d4 d5 2. Bf4 Nf6 3. e3 g6 4. c3 Bg7 5. Nd2 c6 6. h3 e6 7. Ngf3 Nbd7 8. Be2
O-O 9. O-O Re8 10. Ne5 Nxe5 11. Bxe5 Nd7 12. Bxg7 Kxg7 13. f4 f6 14. e4 dxe4
15. Nxe4 Nf8 16. Qe1 b6 17. Qg3 Kh8 18. Qh4 Kg7 19. Qg3 Bb7 20. Bc4 Qc7 21. Qh4
Qe7 22. Rae1 c5 23. dxc5 Bxe4 24. Rxe4 Qxc5+ 25. Kh1 Rad8 26. Bb3 Qb5 27. Rfe1
Qd7 28. Rd4 Qc7 29. Rde4 Rd6 30. Qg3 Qd8 31. R1e3 b5 32. h4 a5 33. a4 bxa4 34.
Bxa4 Re7 35. h5 Rd5 36. hxg6 Rh5+ 37. Kg1 hxg6 38. Bb3 Qb6 39. Bd1 Rd5 40. Bf3
Rd3 41. Bh5 Rxe3 42. Rxe3 Qxb2 43. Kh2 Qb5 44. Bg4 Qc5 45. Qh3 f5 46. Bd1 Qc4
47. Qh4 Qc7 48. Rg3 Kg8 49. Rh3 Rh7 50. Qg3 Rxh3+ 51. Kxh3 Qd7 52. Bb3 a4 53.
Ba2 Kg7 54. Qe3 Qd6 55. Qa7+ Kf6 56. Qxa4 Qd3+ 57. Kh2 Qxc3 58. Qe8 Qc5 59.
Qd8+ Qe7 60. Qd4+ Kf7 61. Qh8 Qf6 62. Qxf6+ Kxf6 63. Kg3 g5 64. fxg5+ Kxg5 65.
Kf3 e5 66. Bd5 Ng6 67. g3 Ne7 68. Bb7 Ng8 69. Bd5 Nf6 70. Be6 e4+ 71. Ke3 Ng4+
72. Kd4 Kf6 73. Bd5 Nf2 74. Ke3 Ke5 75. Bc6 Ng4+ 76. Ke2 Nf6 77. Ke3 Nd5+ 78.
Ke2 Nb4 79. Bb5 Nc2 80. Ba4 Nd4+ 81. Ke3 Ne6 82. Bc6 Ng7 83. Bd7 Nh5 84. Bxf5
1/2-1/2

[Event "Pilsen Open 2014"]
[Site "Pilsen CZE"]
[Date "2014.11.24"]
[Round "2"]
[White "Klimina, Nina"]
[Black "Thierry, Rein"]
[Result "0-1"]
[WhiteElo "1404"]
[BlackElo "1700"]
[PlyCount "94"]
[EventDate "2014.11.23"]
[EventType "swiss"]
[EventRounds "7"]
[Source "lmi"]
[SourceDate "2014.11.23"]

1. e4 d5 2. exd5 Qxd5 3. Nc3 Qe5+ 4. Be2 c6 5. d4 Qc7 6. Nf3 Bf5 7. O-O e6 8.
Bg5 Nf6 9. Ne5 Bd6 10. f4 h6 11. Bh4 Nbd7 12. a3 Rf8 13. Bg3 O-O-O 14. b4 Nb6
15. Rc1 Nbd5 16. Nxd5 Nxd5 17. Qd2 Nf6 18. c4 Ne4 19. Qe3 Nxg3 20. Qxg3 f6 21.
Nd3 Bxd3 22. Bxd3 g5 23. c5 Bxf4 24. Qh3 Bxc1 25. Qxe6+ Qd7 26. Qxd7+ Kxd7 27.
Rxc1 Kc7 28. Re1 Rxd4 29. Bf5 Kd8 30. Re3 Rd5 31. g4 h5 32. h3 hxg4 33. hxg4
Rh8 34. Kg2 Rd2+ 35. Kg3 Rhh2 36. Be4 Rhe2 37. Kf3 Rxe3+ 38. Kxe3 Ra2 39. Kd4
Rxa3 40. Kc4 Kc7 41. Bf5 a5 42. b5 Ra4+ 43. Kb3 Rb4+ 44. Kc3 cxb5 45. Be6 Kc6
46. Bc8 Kxc5 47. Bxb7 Rxg4 0-1

[Event "Pilsen Open 2014"]
[Site "Pilsen CZE"]
[Date "2014.11.25"]
[Round "3"]
[White "Simantsev, Mikhail"]
[Black "Chudinovskikh, Alexander M"]
[Result "0-1"]
[WhiteElo "2452"]
[BlackElo "2242"]
[PlyCount "92"]
[EventDate "2014.11.23"]
[EventType "swiss"]
[EventRounds "7"]
[Source "lmi"]
[SourceDate "2014.11.23"]

1. d4 Nf6 2. c4 e6 3. Nf3 d5 4. Nc3 Be7 5. Bf4 O-O 6. e3 c5 7. dxc5 Bxc5 8. Qc2
Nc6 9. a3 Re8 10. cxd5 exd5 11. Be2 Bg4 12. O-O Rc8 13. Rfd1 d4 14. h3 Bh5 15.
Bg3 h6 16. Bh4 g5 17. Bg3 Qe7 18. exd4 Bxf3 19. Bxf3 Nxd4 20. Qd3 Nxf3+ 21.
Qxf3 Rc6 22. Rd2 Re6 23. Rad1 a6 24. Nd5 Nxd5 25. Rxd5 Rf6 26. Rf5 Rxf5 27.
Qxf5 Qf8 28. Rd7 b5 29. b4 Be7 30. Ra7 Ra8 31. Qd7 Bf6 32. Rc7 Qe8 33. Qf5 Bg7
34. Qf3 Rd8 35. Kh2 Be5 36. Rc6 Bxg3+ 37. fxg3 Rd3 38. Qf6 Qb8 39. Qf2 h5 40.
Rxa6 h4 41. Qe2 hxg3+ 42. Kg1 Rc3 43. Qd2 Qe5 44. Ra8+ Kh7 45. Rd8 Re3 46. Kf1
Qf5+ 0-1

[Event "Pilsen Open 2014"]
[Site "Pilsen CZE"]
[Date "2014.11.25"]
[Round "3"]
[White "Egorov, Konstantin"]
[Black "Roeder, Matthias"]
[Result "0-1"]
[WhiteElo "2089"]
[BlackElo "2411"]
[PlyCount "70"]
[EventDate "2014.11.23"]
[EventType "swiss"]
[EventRounds "7"]
[Source "lmi"]
[SourceDate "2014.11.23"]

1. d4 Nf6 2. c4 e6 3. Nc3 Bb4 4. a3 Bxc3+ 5. bxc3 Nc6 6. Nf3 d6 7. Bg5 h6 8.
Bh4 Qe7 9. e3 e5 10. Qb1 O-O 11. Be2 Re8 12. O-O b6 13. c5 bxc5 14. dxc5 Rb8
15. cxd6 cxd6 16. Bxf6 Qxf6 17. Qe4 Rb6 18. Rfd1 Bb7 19. Qg4 Rd8 20. c4 Bc8 21.
Qg3 Bf5 22. Qh4 g5 23. Qg3 Rb2 24. Bf1 Rdb8 25. h4 g4 26. e4 Bc8 27. c5 dxc5
28. h5 Qf4 29. Qxf4 exf4 30. Rd6 R8b6 31. Nd2 Be6 32. Bc4 Rxd2 33. Rxd2 Bxc4
34. Rc2 Ne5 35. Rac1 Be6 0-1

[Event "Pilsen Open 2014"]
[Site "Pilsen CZE"]
[Date "2014.11.25"]
[Round "3"]
[White "Ivanov, Mikhail"]
[Black "Braeuer, Karl Heinz"]
[Result "1-0"]
[WhiteElo "2380"]
[BlackElo "2087"]
[PlyCount "53"]
[EventDate "2014.11.23"]
[EventType "swiss"]
[EventRounds "7"]
[Source "lmi"]
[SourceDate "2014.11.23"]

1. d4 Nf6 2. c4 c6 3. Bf4 Qa5+ 4. Qd2 Qxd2+ 5. Nxd2 d6 6. h3 Nbd7 7. Ngf3 g6 8.
e3 Bg7 9. Rc1 O-O 10. Be2 Re8 11. b4 e5 12. Bg3 Nh5 13. Bh2 f5 14. dxe5 dxe5
15. c5 Bf6 16. Nc4 e4 17. Nd4 Ne5 18. Nd6 Re7 19. O-O Ng7 20. Rfd1 Ne8 21. b5
cxb5 22. Nxe8 Rxe8 23. Nxb5 Rf8 24. Rd6 Kf7 25. Nc7 Rb8 26. Nd5 Nd7 27. Bb5 1-0

[Event "Pilsen Open 2014"]
[Site "Pilsen CZE"]
[Date "2014.11.25"]
[Round "3"]
[White "Grove, Michael"]
[Black "Kourousis, Epaminondas"]
[Result "0-1"]
[WhiteElo "2083"]
[BlackElo "2380"]
[PlyCount "88"]
[EventDate "2014.11.23"]
[EventType "swiss"]
[EventRounds "7"]
[Source "lmi"]
[SourceDate "2014.11.23"]

1. e4 c6 2. c4 e5 3. Nc3 d6 4. Nf3 Bg4 5. h3 Bxf3 6. Qxf3 Nd7 7. Bd3 Be7 8. Bc2
Ngf6 9. b3 O-O 10. O-O Nc5 11. Bb2 Ne6 12. Ne2 Nd7 13. Qg3 Bh4 14. Qf3 Qf6 15.
Qxf6 Bxf6 16. Rad1 Rfd8 17. Ba1 Kf8 18. Bc3 a5 19. g3 Ndc5 20. Bb2 Nd4 21. Nxd4
exd4 22. Ba3 d3 23. Bb1 b5 24. cxb5 cxb5 25. b4 axb4 26. Bxb4 Ra4 27. Bc3 b4
28. Bxf6 gxf6 29. Rfe1 Rb8 30. f4 b3 31. axb3 Rxb3 32. Kf2 Nxe4+ 33. Kf3 f5 34.
Kg2 h5 35. g4 hxg4 36. hxg4 fxg4 37. Ba2 Rb2 38. Bd5 Rxd2+ 39. Rxd2 Nxd2 40.
Rd1 Rd4 41. Bxf7 Kxf7 42. Rxd2 Kf6 43. Kf2 Kf5 44. Ke3 Rd5 0-1

[Event "Pilsen Open 2014"]
[Site "Pilsen CZE"]
[Date "2014.11.25"]
[Round "3"]
[White "Ianov, Viktor"]
[Black "Janska, Jitka"]
[Result "1-0"]
[WhiteElo "2300"]
[BlackElo "2077"]
[PlyCount "87"]
[EventDate "2014.11.23"]
[EventType "swiss"]
[EventRounds "7"]
[Source "lmi"]
[SourceDate "2014.11.23"]

1. Nf3 d5 2. g3 Nf6 3. Bg2 c5 4. O-O Nc6 5. d3 e6 6. Nbd2 Qc7 7. e4 b6 8. Re1
dxe4 9. dxe4 e5 10. c3 Bb7 11. Nc4 Rd8 12. Qb3 g6 13. a4 Ba6 14. Bf1 Bxc4 15.
Bxc4 Bg7 16. Bd5 Nxd5 17. exd5 Ne7 18. Qb5+ Kf8 19. a5 Nxd5 20. axb6 axb6 21.
Ra6 Qb8 22. Qc4 h6 23. Qa2 Nc7 24. Ra7 Ne6 25. b4 Bf6 26. bxc5 bxc5 27. Be3 Qd6
28. Nd2 Kg7 29. Ne4 Qd5 30. c4 Qc6 31. Ra6 Qc7 32. Rb1 Rb8 33. Rb5 Rbd8 34. h4
Rd1+ 35. Kg2 Qd7 36. Qe2 Qd3 37. Qxd3 Rxd3 38. Rb7 Re8 39. Bxh6+ Kxh6 40. Nxf6
Nd8 41. Rc7 Rf8 42. Ng4+ Kg7 43. Nxe5 Rd4 44. Rxg6+ 1-0

[Event "Pilsen Open 2014"]
[Site "Pilsen CZE"]
[Date "2014.11.25"]
[Round "3"]
[White "Burnett, Andrew"]
[Black "Simet, Martin"]
[Result "1-0"]
[WhiteElo "2269"]
[BlackElo "1923"]
[PlyCount "53"]
[EventDate "2014.11.23"]
[EventType "swiss"]
[EventRounds "7"]
[Source "lmi"]
[SourceDate "2014.11.23"]

1. Nf3 d5 2. c4 e6 3. d4 Nf6 4. Nc3 c6 5. e3 Be7 6. Qc2 O-O 7. b3 Ne8 8. Bd3 f5
9. Bb2 Na6 10. a3 Nac7 11. Ne5 Bf6 12. c5 Bxe5 13. dxe5 b5 14. Ne2 a5 15. Nd4
Bd7 16. h4 Na6 17. g4 Qe7 18. Rc1 g6 19. h5 Ng7 20. hxg6 hxg6 21. Ke2 Qf7 22.
f4 Rfc8 23. Rcg1 Kf8 24. Rh7 Qg8 25. Rgh1 Ke7 26. gxf5 gxf5 27. Bxf5 1-0

[Event "Pilsen Open 2014"]
[Site "Pilsen CZE"]
[Date "2014.11.25"]
[Round "3"]
[White "Ilandzis, Spyridon"]
[Black "Jurek, Josef"]
[Result "1/2-1/2"]
[WhiteElo "2148"]
[BlackElo "2301"]
[PlyCount "76"]
[EventDate "2014.11.23"]
[EventType "swiss"]
[EventRounds "7"]
[Source "lmi"]
[SourceDate "2014.11.23"]

1. d4 Nf6 2. c4 e6 3. Nf3 b6 4. e3 Bb7 5. Nc3 Bb4 6. Bd3 O-O 7. O-O Re8 8. Qc2
d6 9. Nd2 Nbd7 10. Ne2 e5 11. Ng3 exd4 12. exd4 d5 13. b3 Bf8 14. Bb2 g6 15.
Rae1 Rxe1 16. Rxe1 Bd6 17. Qd1 Qf8 18. Nf3 Bb4 19. Re3 Ng4 20. Re2 dxc4 21.
bxc4 Bxf3 22. gxf3 Ngf6 23. Ne4 Nh5 24. Qa4 Rd8 25. Bc1 Ne5 26. dxe5 Rxd3 27.
Nf6+ Nxf6 28. exf6 Rd8 29. Bf4 Bd6 30. Bxd6 Qxd6 31. Re8+ Rxe8 32. Qxe8+ Qf8
33. Qe7 h5 34. Qxc7 Qa3 35. Qe7 Qc1+ 36. Kg2 Qg5+ 37. Kh1 Qc1+ 38. Kg2 Qg5+
1/2-1/2

[Event "Pilsen Open 2014"]
[Site "Pilsen CZE"]
[Date "2014.11.25"]
[Round "3"]
[White "Tesar, Jan"]
[Black "Piankov, Evgenij"]
[Result "0-1"]
[WhiteElo "2073"]
[BlackElo "2283"]
[PlyCount "124"]
[EventDate "2014.11.23"]
[EventType "swiss"]
[EventRounds "7"]
[Source "lmi"]
[SourceDate "2014.11.23"]

1. d4 d5 2. c4 e6 3. Nc3 f5 4. g3 c6 5. Bg2 Nf6 6. Nf3 Bd6 7. Bf4 O-O 8. Bxd6
Qxd6 9. O-O Nbd7 10. Nd2 b6 11. Rb1 a5 12. a3 Ba6 13. b4 axb4 14. axb4 Bxc4 15.
Nxc4 dxc4 16. b5 Nd5 17. Qc2 Ra3 18. Nd1 cxb5 19. Rxb5 Nc7 20. Rb1 b5 21. Ne3
Nf6 22. Rfd1 f4 23. Nf1 Nfd5 24. gxf4 Qxf4 25. e3 Qh4 26. Ng3 Nc3 27. Ra1 Nxd1
28. Rxa3 Nxf2 29. Ra7 Ng4 30. Nf1 Nd5 31. Bxd5 exd5 32. Qg2 Qg5 33. h4 Qf5 34.
Rb7 Qf2+ 35. Qxf2 Rxf2 36. Rxb5 c3 37. Rc5 c2 38. e4 dxe4 39. Ne3 Rf3 40. Nxc2
Kf7 41. d5 Rd3 42. Rc7+ Kg6 43. Rc5 Rd2 44. d6 Kf6 45. Rc4 Ne5 46. Rc7 Nf3+ 47.
Kf1 Rxd6 48. h5 Rd5 49. h6 gxh6 50. Rxh7 Rd1+ 51. Ke2 Rd2+ 52. Ke3 Rxc2 53.
Rxh6+ Kf5 54. Rh5+ Ng5 55. Rh8 Rc3+ 56. Ke2 Ne6 57. Rh5+ Kf4 58. Rh4+ Ke5 59.
Rh5+ Kd4 60. Rh4 Rc2+ 61. Kd1 Ra2 62. Rh6 Kd3 0-1

[Event "Pilsen Open 2014"]
[Site "Pilsen CZE"]
[Date "2014.11.25"]
[Round "3"]
[White "Plchot, Miroslav"]
[Black "Kaiser, Dieter"]
[Result "1/2-1/2"]
[WhiteElo "1918"]
[BlackElo "2254"]
[PlyCount "85"]
[EventDate "2014.11.23"]
[EventType "swiss"]
[EventRounds "7"]
[Source "lmi"]
[SourceDate "2014.11.23"]

1. d4 Nf6 2. Bg5 Ne4 3. Bf4 d5 4. f3 Nf6 5. e3 c5 6. Bb5+ Bd7 7. Bd3 Nc6 8. c3
e6 9. g4 Qb6 10. Qb3 Be7 11. Nd2 O-O 12. Ne2 Qxb3 13. axb3 Rfe8 14. Ng3 cxd4
15. exd4 e5 16. dxe5 Bc5 17. O-O-O Nxe5 18. Bc2 Bc6 19. Rhe1 Ng6 20. Bg5 Nd7
21. b4 Bb6 22. Nf5 Re6 23. Rxe6 fxe6 24. Nd4 Ndf8 25. N2b3 Bd7 26. Re1 Rc8 27.
Kd1 Kf7 28. Bd2 Ba4 29. f4 Bxd4 30. Nxd4 Bxc2+ 31. Kxc2 a6 32. Kd3 Re8 33. Nf3
h6 34. Kd4 Rc8 35. b3 Nd7 36. h3 Ne7 37. Kd3 Nc6 38. Be3 e5 39. fxe5 Ndxe5+ 40.
Nxe5+ Nxe5+ 41. Kc2 Nc6 42. Kd3 Ne5+ 43. Kc2 1/2-1/2

[Event "Pilsen Open 2014"]
[Site "Pilsen CZE"]
[Date "2014.11.25"]
[Round "3"]
[White "Vlk, Miloslav"]
[Black "Palek, Miroslav"]
[Result "1/2-1/2"]
[WhiteElo "1956"]
[BlackElo "2226"]
[PlyCount "84"]
[EventDate "2014.11.23"]
[EventType "swiss"]
[EventRounds "7"]
[Source "lmi"]
[SourceDate "2014.11.23"]

1. c4 e5 2. Nc3 Nf6 3. Nf3 Nc6 4. e3 Be7 5. d4 exd4 6. Nxd4 O-O 7. Be2 Bb4 8.
O-O Bxc3 9. bxc3 d6 10. Nxc6 bxc6 11. Bf3 Qe8 12. Rb1 Ne4 13. Qd4 f5 14. Bxe4
fxe4 15. Rd1 Qf7 16. Rb2 c5 17. Qxe4 Rb8 18. Rdd2 Bf5 19. Qc6 Rbe8 20. f3 Rxe3
21. Rd1 Re7 22. Bg5 Re5 23. Bf4 Be4 24. fxe4 Qxf4 25. Qxc7 Rxe4 26. h3 Qe3+ 27.
Kh1 Qxc3 28. Rbd2 Re1+ 29. Rxe1 Qxd2 30. Qe7 h6 31. Qe6+ Kh8 32. Qe7 Qf2 33.
Re2 Qf1+ 34. Kh2 Rf6 35. Qe8+ Rf8 36. Qe7 Kg8 37. Qe6+ Kh8 38. Qxd6 Rf6 39.
Qd8+ Kh7 40. Qd3+ Qf5 41. Qxf5+ Rxf5 42. Re7 Rf4 1/2-1/2

[Event "Pilsen Open 2014"]
[Site "Pilsen CZE"]
[Date "2014.11.25"]
[Round "3"]
[White "Bartos, Jan"]
[Black "Kopriva, Martin"]
[Result "1/2-1/2"]
[WhiteElo "2194"]
[BlackElo "1889"]
[PlyCount "72"]
[EventDate "2014.11.23"]
[EventType "swiss"]
[EventRounds "7"]
[Source "lmi"]
[SourceDate "2014.11.23"]

1. d4 Nf6 2. c4 g6 3. f3 Bg7 4. e4 d6 5. Ne2 O-O 6. Be3 e5 7. Nbc3 Nc6 8. Qd2
Ne8 9. d5 Ne7 10. g4 f5 11. gxf5 gxf5 12. O-O-O f4 13. Bf2 a6 14. Kb1 Bd7 15.
c5 dxc5 16. Bxc5 Nd6 17. Nc1 b6 18. Bxd6 cxd6 19. Nd3 b5 20. Nb4 Qb6 21. Nc6
Rf7 22. Nxe7+ Rxe7 23. h4 Rc8 24. Bh3 Bxh3 25. Rxh3 b4 26. Ne2 Rec7 27. Nc1 a5
28. Nd3 Rc2 29. Qxc2 Rxc2 30. Kxc2 Qe3 31. Re1 Qd4 32. Kd2 Bf6 33. h5 Bd8 34.
Rd1 Bb6 35. Kc2 a4 36. Rh2 Qc4+ 1/2-1/2

[Event "Pilsen Open 2014"]
[Site "Pilsen CZE"]
[Date "2014.11.25"]
[Round "3"]
[White "Kuba, Stanislav"]
[Black "Prachar, Josef"]
[Result "1-0"]
[WhiteElo "2174"]
[BlackElo "1884"]
[PlyCount "87"]
[EventDate "2014.11.23"]
[EventType "swiss"]
[EventRounds "7"]
[Source "lmi"]
[SourceDate "2014.11.23"]

1. g3 Nf6 2. Bg2 g6 3. Nf3 Bg7 4. O-O O-O 5. d4 d6 6. c4 Nbd7 7. Nc3 e5 8. h3
c6 9. Bg5 h6 10. Be3 e4 11. Nd2 d5 12. b4 a6 13. a4 Qe7 14. Qb3 Qe6 15. a5 Rd8
16. cxd5 cxd5 17. Na4 Ne8 18. Rac1 Nd6 19. Nc3 Nf6 20. Bf4 Bd7 21. Be5 Bc6 22.
Na4 Bxa4 23. Qxa4 Nfe8 24. Bxg7 Kxg7 25. Qb3 Nb5 26. e3 b6 27. axb6 Qxb6 28. f3
Nf6 29. fxe4 Nxd4 30. exd4 Qxd4+ 31. Rf2 dxe4 32. Rc4 Qxf2+ 33. Kxf2 Rxd2+ 34.
Kg1 Rad8 35. Rc7 R8d5 36. Bf1 h5 37. Bc4 Rd1+ 38. Kf2 R5d2+ 39. Ke3 Nd5+ 40.
Bxd5 Rd3+ 41. Kxe4 Rxb3 42. Bxb3 Rb1 43. Rxf7+ Kh6 44. Rf3 1-0

[Event "Pilsen Open 2014"]
[Site "Pilsen CZE"]
[Date "2014.11.25"]
[Round "3"]
[White "Simacek, Vaclav"]
[Black "Svidinsky, Dmtry"]
[Result "0-1"]
[WhiteElo "1797"]
[BlackElo "2073"]
[PlyCount "106"]
[EventDate "2014.11.23"]
[EventType "swiss"]
[EventRounds "7"]
[Source "lmi"]
[SourceDate "2014.11.23"]

1. e4 c6 2. c4 d5 3. exd5 cxd5 4. d4 dxc4 5. Bxc4 Qc7 6. Qb3 Be6 7. Na3 Bxc4 8.
Nxc4 Nf6 9. Ne5 e6 10. Ngf3 Nc6 11. O-O Bd6 12. Be3 O-O 13. Rac1 Rac8 14. Nxc6
bxc6 15. Qd3 h6 16. h3 Rfd8 17. Qa6 Nd5 18. Bd2 Qb6 19. Qa4 Qb5 20. Rc4 Nb6 21.
Qxb5 cxb5 22. Rxc8 Rxc8 23. Rc1 Rxc1+ 24. Bxc1 f6 25. g3 Kf7 26. Nd2 Nd5 27.
Ne4 Ke7 28. Bd2 f5 29. Nxd6 Kxd6 30. Kf1 Nf6 31. Ke2 Kd5 32. Kd3 Ne4 33. Be3 a5
34. a3 a4 35. h4 h5 36. f3 Nd6 37. Kc3 Nc4 38. Bc1 Na5 39. Bf4 Nc6 40. Be3 Ne7
41. Kb4 Kc6 42. Kc3 Nd5+ 43. Kd3 Nxe3 44. Kxe3 b4 45. Kf4 bxa3 46. bxa3 Kd5 47.
Kg5 Kxd4 48. Kxh5 e5 49. Kg6 e4 50. fxe4 fxe4 51. Kxg7 e3 52. h5 e2 53. h6 e1=Q
0-1

[Event "Pilsen Open 2014"]
[Site "Pilsen CZE"]
[Date "2014.11.25"]
[Round "3"]
[White "Pribylova, Sofie"]
[Black "Eret, Jonas"]
[Result "1/2-1/2"]
[WhiteElo "1763"]
[BlackElo "2054"]
[PlyCount "89"]
[EventDate "2014.11.23"]
[EventType "swiss"]
[EventRounds "7"]
[Source "lmi"]
[SourceDate "2014.11.23"]

1. d4 e6 2. Bf4 d5 3. Nf3 Bd6 4. Bg3 Nf6 5. e3 O-O 6. Bd3 b6 7. Nbd2 Bb7 8. c3
Ne4 9. Ne5 Nd7 10. Qf3 f5 11. h4 Bxe5 12. Bxe5 Nxe5 13. dxe5 Nc5 14. Qe2 a5 15.
h5 Qg5 16. O-O-O Nxd3+ 17. Qxd3 Ba6 18. Qd4 f4 19. e4 c5 20. Qa4 Qxe5 21. exd5
exd5 22. h6 g6 23. Rhe1 Qc7 24. Nf3 Bb7 25. Ng5 Bc6 26. Qc2 Rf5 27. Ne6 Qd7 28.
Qd2 Qd6 29. Ng7 Rf6 30. Qe2 f3 31. gxf3 Qf4+ 32. Qe3 Qxe3+ 33. Rxe3 Kf7 34.
Rde1 Ra7 35. Ne6 g5 36. Nd8+ Kg6 37. Nxc6 Rxc6 38. Re6+ Rxe6 39. Rxe6+ Kf5 40.
Rxb6 a4 41. Rb5 Rc7 42. Rb6 Ke5 43. Kd2 Rf7 44. Ke3 d4+ 45. cxd4+ 1/2-1/2

[Event "Pilsen Open 2014"]
[Site "Pilsen CZE"]
[Date "2014.11.25"]
[Round "3"]
[White "Malinovsky, Petr"]
[Black "Berka, Lubos"]
[Result "1-0"]
[WhiteElo "2024"]
[BlackElo "1751"]
[PlyCount "51"]
[EventDate "2014.11.23"]
[EventType "swiss"]
[EventRounds "7"]
[Source "lmi"]
[SourceDate "2014.11.23"]

1. d4 Nf6 2. c4 g6 3. Nc3 Bg7 4. e4 d6 5. f3 O-O 6. Be3 e5 7. Nge2 Nc6 8. d5
Ne7 9. Qd2 a6 10. g4 Bd7 11. Ng3 Qb8 12. Rg1 Rd8 13. h4 Kf8 14. Bh6 c5 15. Nh5
Nxh5 16. gxh5 Ng8 17. Bxg7+ Kxg7 18. hxg6 hxg6 19. h5 Ne7 20. Ne2 Rh8 21. Ng3
Qf8 22. Bd3 Kh7 23. O-O-O Qh6 24. hxg6+ Nxg6 25. Rh1 Nh4 26. Qxh6+ 1-0

[Event "Pilsen Open 2014"]
[Site "Pilsen CZE"]
[Date "2014.11.25"]
[Round "3"]
[White "Von Keyserlingk, Chanda"]
[Black "Stengl, Jaroslav"]
[Result "1/2-1/2"]
[WhiteElo "1759"]
[BlackElo "2024"]
[PlyCount "83"]
[EventDate "2014.11.23"]
[EventType "swiss"]
[EventRounds "7"]
[Source "lmi"]
[SourceDate "2014.11.23"]

1. d4 d5 2. c4 e6 3. Nc3 Nf6 4. cxd5 exd5 5. Bg5 c6 6. Qc2 Be7 7. e3 O-O 8. Bd3
Nbd7 9. Nge2 h6 10. Bh4 Re8 11. O-O Nf8 12. Rad1 Be6 13. f3 c5 14. Bb5 N6d7 15.
Bxe7 Qxe7 16. Nf4 Qd6 17. dxc5 Qxc5 18. Qf2 a6 19. Bxd7 Nxd7 20. Ncxd5 Rac8 21.
Nxe6 Rxe6 22. e4 Qc6 23. Qd2 b5 24. Rc1 Qb7 25. Rxc8+ Qxc8 26. Rc1 Qd8 27. Qc3
Nf8 28. Qc8 Qa5 29. a3 Qd2 30. Qc3 Qg5 31. Rc2 Ng6 32. Qd2 Qe5 33. Qc3 Qg5 34.
Qd2 Qe5 35. Qc1 f5 36. Rc6 fxe4 37. Rxe6 Qxe6 38. fxe4 Qxe4 39. Qd2 Ne5 40. Nc3
Qd3 41. Qxd3 Nxd3 42. Nd1 1/2-1/2